The numerical control of machine tools.

Uložené v:
Podrobná bibliografia
Hlavný autor: Simon, Wilhelm
Médium: Kniha
Jazyk:Slovak
Vydané: 1973.
Tagy: Pridať tag
Žiadne tagy, Buďte prvý kto otaguje tento záznam!

MARC

LEADER 00000nam a22000004a 4500
001 000533607
005 20170227085306.0
008 170227s1973 xo e 000 0 slo d
040 |a SVKKK  |b slo  |c SVKKK  |e AACR2 
100 1 |a Simon, Wilhelm 
245 1 0 |a The numerical control of machine tools. 
260 |c 1973. 
500 |a Záznam revízie 
910 |a svkkk 
998 |a BK 
090 |g SCKHL  |k Sklad Pribinova 2. posch.  |a X0.11831  |j 049050  |i 2720356241  |s Absenčne